000 00367nam a2200133Ia 4500
008 231129s1998||||xx |||||||||||||| ||spa||
020 _a958-9129-48-X
040 _bspa
082 _a333.918 A654
245 0 _aUna aproximación a los humedales en Colombia
260 _c1998
264 _aFondo FEN Colombia
942 _2ddc
_cBKS
999 _c25922
_d25922